Observing comets (Record no. 15188)

MARC details
000 -LEADER
fixed length control field 00696nam a2200229Ia 4500
003 - CONTROL NUMBER IDENTIFIER
control field IN-BaIIA
008 - FIXED-LENGTH DATA ELEMENTS--GENERAL INFORMATION
fixed length control field 211028s9999 xx 000 0 eng d
020 ## - INTERNATIONAL STANDARD BOOK NUMBER
International Standard Book Number 0-85233-557-2
040 ## - CATALOGING SOURCE
Transcribing agency IIA Library
080 ## - UNIVERSAL DECIMAL CLASSIFICATION NUMBER
Universal Decimal Classification number 523.6
Item number JAM
100 ## - MAIN ENTRY--PERSONAL NAME
Personal name James, N and North, G
9 (RLIN) 27886
245 #0 - TITLE STATEMENT
Title Observing comets
Statement of responsibility, etc. N. James and G. North
260 ## - PUBLICATION, DISTRIBUTION, ETC.
Place of publication, distribution, etc. London
Name of publisher, distributor, etc. Springer
Date of publication, distribution, etc. 2003
300 ## - PHYSICAL DESCRIPTION
Extent x, 234p.
490 ## - SERIES STATEMENT
Series statement Patrick Moore's Practical Astronomy Series
650 ## - SUBJECT ADDED ENTRY--TOPICAL TERM
Topical term or geographic name entry element Astrometry
650 ## - SUBJECT ADDED ENTRY--TOPICAL TERM
Topical term or geographic name entry element Cometary Photometry
9 (RLIN) 27887
650 ## - SUBJECT ADDED ENTRY--TOPICAL TERM
Topical term or geographic name entry element Comets- Amateur's Manuals
9 (RLIN) 27888
650 ## - SUBJECT ADDED ENTRY--TOPICAL TERM
Topical term or geographic name entry element Comets- Observer's Manulas
9 (RLIN) 27889
700 ## - ADDED ENTRY--PERSONAL NAME
Personal name North, G.
9 (RLIN) 27890
942 ## - ADDED ENTRY ELEMENTS (KOHA)
Koha item type Books
Holdings
Withdrawn status Lost status Damaged status Not for loan Home library Current library Shelving location Date acquired Source of acquisition Cost, normal purchase price Total Checkouts Full call number Barcode Date last seen Cost, replacement price Price effective from Koha item type Purchase Price
        IIA Library-Bangalore IIA Library-Kavalur General Stacks 13/07/2003 ANJ 2483.50   523.6/ JAM 16110 05/11/2021 2483.50 13/07/2003 Books Rs. 2483.50

Powered by Koha